L’Allemagne en 50 images - Statistiques

Statistiques générales
  • Ce quiz a été pris 120 fois
  • Le résultat moyen est 36 sur 50
Statistiques - réponses
Par images Hint Réponse % Correct
Sport Handball
100%
Marque Adidas
99%
Boisson Bière
99%
Pâtisserie Bretzel
99%
Marque Puma
99%
Physicien Albert Einstein
98%
Marque de voiture Mercedes-Benz
98%
Marque de voiture Audi
97%
Marque de voiture Volkswagen
97%
Marque de jouets Playmobil
96%
Marque de confiserie Haribo
95%
Année 1989
94%
Animal Aigle
93%
Femme politique Angela Merkel
92%
Ville Munich
92%
Marque de voiture Opel
92%
Sandwich Kebab
89%
Mur Mur de Berlin
87%
Parc d’attractions Europa-Park
86%
Fête munichoise Oktoberfest
86%
Marque de voiture Porsche
86%
Ville portuaire Hambourg
83%
« Père du communisme » Karl Marx
82%
Pilote automobile Michael Schumacher
82%
Couturier Karl Lagerfeld
81%
Club omnisports Bayern Munich
80%
Ville Francfort-sur-le-Main
80%
Compositeur allemand Ludwig van Beethoven
80%
Groupe d’assurances Allianz
78%
Race de chien Teckel
77%
État Bavière
75%
Monument Porte de Brandebourg
74%
Conte Hansel et Gretel
73%
Réseau d’autoroutes allemand Autobahn
71%
Chaîne de montagne Alpes
66%
Ville Cologne
59%
État République démocratique allemande
59%
Aérostat Zeppelin
58%
Chanson de Nena 99 Luftballons
55%
Plat Currywurst
41%
Ville-État Brême
38%
Site historique Checkpoint Charlie
38%
Palais Palais du Reichstag
37%
Massif montagneux Forêt-Noire
36%
Romancier Johann Wolfgang von Goethe
36%
Premier chancelier fédéral Konrad Adenauer
29%
Aire urbaine Ruhr
29%
Château Château de Neuschwanstein
23%
Peintre Otto Dix
22%
Tour Fernsehturm
15%
Aucun quiz correspondant
Distribution des résultats
% des personnes avec chaque résultat
Percentile par nombre de réponses
Votre historique - résultats
Vous n’avez pas pris ce quiz